Normal view
MARC view
- Policy sciences
Entry Topical Term
001 - CONTROL NUMBER
- control field: 110339
003 - CONTROL NUMBER IDENTIFIER
- control field: NUST
005 - DATE AND TIME OF LATEST TRANSACTION
- control field: 20230315145411.0
008 - FIXED-LENGTH DATA ELEMENTS
- fixed length control field: 230315|| aca||aabn | a|a d
040 ## - CATALOGING SOURCE
- Original cataloging agency: NUST
- Transcribing agency: NUST
150 ## - HEADING--TOPICAL TERM
- Topical term or geographic name entry element: Policy sciences
- General subdivision: Statistical methods
670 ## - SOURCE DATA FOUND
- Source citation: Work cat.: (NUST)184736: Gohagan, John Kenneth. 110338, Quantitative analysis for public policy /, c1980.
